| Tag |
First Indicator |
Second Indicator |
Subfields |
| LEADER |
00000cas a2200000 4500 |
| 001 |
in00000042169 |
| 005 |
20151007070757.0 |
| 008 |
751101d18971924dcuar1 1uuua0eng d |
| 012 |
|
|
|e n
|
| 022 |
|
|
|a 0096-0829
|
| 035 |
|
|
|a (OCoLC)01780022
|
| 035 |
|
|
|9 AAE4695AM
|
| 040 |
|
|
|a MUL
|c MUL
|d NSD
|d TXA
|d UtOrBLW
|
| 042 |
|
|
|a nsdp
|
| 049 |
|
|
|a TXAE
|
| 090 |
|
|
|a TN5
|b .A5
|
| 110 |
2 |
|
|a American Mining Congress.
|
| 222 |
|
0 |
|a Report of the proceedings of the American Mining Congress
|
| 245 |
1 |
0 |
|a Report of the proceedings.
|
| 264 |
|
1 |
|a Washington, D.C.
|b [publisher not identified] ;
|
| 300 |
|
|
|a 27 volumes
|a annual.
|
| 336 |
|
|
|a text
|b txt
|2 rdacontent
|
| 337 |
|
|
|a unmediated
|b n
|2 rdamedia
|
| 338 |
|
|
|a volume
|b nc
|2 rdacarrier
|
| 362 |
0 |
|
|a v. 1-27; 1897-1924.
|
| 650 |
|
0 |
|a Mineral industries
|v Congresses.
|
| 999 |
|
|
|a MARS
|
| 999 |
f |
f |
|s a4207dfb-8722-38f2-82d4-5ba800478aad
|i 368536a3-18b2-33c7-a681-97ccc350aac7
|t 0
|
| 952 |
f |
f |
|p ric
|a Texas A&M University
|b Rellis Campus
|c Joint Library Facility
|d Remote Storage
|t 0
|e TN5 .A5
|h Library of Congress classification
|i unmediated -- volume
|k v.23
|l 1920
|m A14842118060
|
| 952 |
f |
f |
|p ric
|a Texas A&M University
|b Rellis Campus
|c Joint Library Facility
|d Remote Storage
|t 0
|e TN5 .A5
|h Library of Congress classification
|i unmediated -- volume
|k v.27
|l 1924
|m A14842118094
|
| 952 |
f |
f |
|p ric
|a Texas A&M University
|b Rellis Campus
|c Joint Library Facility
|d Remote Storage
|t 0
|e TN5 .A5
|h Library of Congress classification
|i unmediated -- volume
|k v.26
|l 1923
|m A14842118086
|
| 952 |
f |
f |
|p ric
|a Texas A&M University
|b Rellis Campus
|c Joint Library Facility
|d Remote Storage
|t 0
|e TN5 .A5
|h Library of Congress classification
|i unmediated -- volume
|k v.25
|l 1922
|m A14842118078
|
| 998 |
f |
f |
|a TN5 .A5
|s v.25-27 (1922-1924)
|t 0
|l Remote Storage
|